Casebook for Management and Business Policy <A> Systems Approach
Uložené v:
| Hlavný autor: | |
|---|---|
| Médium: | Kniha |
| Jazyk: | English |
| Vydavateľské údaje: |
Scranton
International Textbook Co.
1968
|
| Vydanie: | 1. ed. |
| Predmet: | |
| Tagy: |
Žiadne tagy, Buďte prvý, kto otaguje tento záznam!
|
MARC
| LEADER | 00000nam a2200000 4500 | ||
|---|---|---|---|
| 001 | c002049 | ||
| 005 | 20221220103136.9 | ||
| 041 | 0 | |a eng | |
| 044 | |a US | ||
| 245 | 1 | 0 | |a Casebook for Management and Business Policy |b <A> Systems Approach |c Frank Greenwood |
| 250 | |a 1. ed. | ||
| 264 | 1 | |a Scranton |b International Textbook Co. |c 1968 | |
| 300 | |a 481 s. | ||
| 610 | 2 | 0 | |a štúdie prípadové |
| 610 | 2 | 0 | |a manažment |
| 610 | 2 | 0 | |a riadenie podnikové |
| 610 | 2 | 0 | |a politika podniková |
| 610 | 2 | 0 | |a systém |
| 610 | 2 | 0 | |a podnik |
| 610 | 2 | 0 | |a USA |
| 610 | 2 | 0 | |a spracovanie dát |
| 610 | 2 | 0 | |a plánovanie podnikové |
| 610 | 2 | 0 | |a kontrola podniková |
| 610 | 2 | 0 | |a organizácia podniku |
| 100 | 1 | |a Greenwood, Frank | |